| 000 | 01411nas a2200301 4500 | ||
|---|---|---|---|
| 001 | 114414 | ||
| 003 | DR-UNIBE | ||
| 005 | 20260514093943.0 | ||
| 008 | 260304b2010 fr ||||| |||| 00| 0 fre d | ||
| 022 | _a2112-2679 | ||
| 040 |
_aBiblioteca UNIBE _cBiblioteca UNIBE |
||
| 041 | _afre | ||
| 082 |
_222 _aPP 342.44 F817n |
||
| 110 | 1 |
_aFrancia. _bConsejo Constitucional _9202937 _eautor |
|
| 245 | 1 | 4 | _aLes nuoveaux cahiers du conseil constitutionnel |
| 260 |
_aParís : _bÉditions Dalloz : _bConseil Constitutionnel, _c2010 |
||
| 300 |
_avolúmenes ; _c24 cm |
||
| 310 | _aTrimestral | ||
| 362 | _aNúmero 29 (abril-junio 2010) - número 31 (octubre-diciembre 2010) - número 32 (enero-marzo 2011) | ||
| 500 | _aEs continuación de: Les Cahiers du Conseil Constitutionnel | ||
| 520 | 3 | _aPublicación destinada a magistrados administrativos y judiciales, abogados, así como académicos y que trata toda la actividad del Consejo Constitucional, en particular la de la cuestión prioritaria de constitucionalidad (QPC). | |
| 610 |
_aFrancia. _bConsejo Constitucional _9202937 |
||
| 650 | 7 |
_2lemb _aDerecho constitucional |
|
| 651 | 7 |
_2lemb _aFrancia _zDerecho constitucional _9202938 |
|
| 655 | 7 |
_2lemb _aPublicaciones periódicas |
|
| 856 |
_uhttps://www.conseil-constitutionnel.fr/rubrique-principale/nouveaux-cahiers-du-conseil-constitutionnel _yVersión electrónica de la revista |
||
| 942 |
_2ddc _cCR |
||
| 999 |
_c114414 _d114414 |
||